000 00398nam a2200169Ia 4500
008 230711s9999||||xx |||||||||||||| ||und||
020 _a0-75284-728-7
041 _aENG
082 _a800
_bAL-W
100 _aPease,Allan
245 0 _aWhy men lie and women cry
260 _c2002
_aNew Delhi
_bOrient BlackSwan
300 _a332
650 _aLiterature
700 _aPease,Barbara
942 _cBK
999 _c5337
_d5337